000 00741nam a2200169 a 4500
008 220228s2017 ||||||||||||||||| || u
050 _aCBU-PG THESIS/CHA
100 _aChanda, Kelvin
245 1 0 _aAssessing the training and development on staff performance : case of general insurance companies in Zambia
_cBy Kelvin Chanda
260 _aKitwe
_bCopperbelt University
_c2017
300 _axvii, 103 pages : illustrations
650 _aEMPLOYEE PERFORMANCE
650 _aHUMAN RESOURCE MANAGEMENT--ZAMBIA
650 _aTRAINING AND DEVELOPMENT
650 _aGENERAL INSURANCE COMPANIES--ZAMBIA
995 _FCBU-MAIN LIBRARY (Kitwe)
_M1
_UAVAILABLE
_WMar 28, 2022
_ZUniversity Collection
999 _c34994
_d34994